00449nam a22001697a 450000500170000001000150001702000260003203500140005803700090007208200200008110000190010124500500012025000060017026000290017627000530020530000210025820251217160228.0 aENG-147346 a9789390514502c895.00 aEN-130878 bDBAD a306.8450899521 aKukreja, Reena aWhy Would i Be Married here?/ cReena Kukreja a1 aNew Delhi bZubaanc2022 a128 B Shahpur Jat, 1st FloorbNew Delhi e110049 a284p. c22cm(pb)